Las ciento y una /

Guardado en:
Autor Principal: Sarmiento, Domingo Faustino
Formato: Libro
Publicado: Buenos Aires : La Cultura Argentina, 1916
Materias:
Etiquetas: Agregar Etiqueta
Sin Etiquetas, Sea el primero en etiquetar este registro!
LEADER 00503nam a22001815a 4500
001 CEM.cems005828
005 20060214000000.0
008 130507s1916##################000#0#####d
003 CEMS
082 0 4 |a A866.2 
100 1 |a Sarmiento, Domingo Faustino 
245 1 0 |a Las ciento y una / 
260 |a Buenos Aires :  |b La Cultura Argentina,  |c 1916 
300 |a 238 p. 
653 |a Epistolas 
653 |a Literatura 
653 |a Literatura argentina 
859 |a CEMS  |b BIB. CEMS - 11 de abril  |h A866.2  |i Sa74c  |p 9428.81  |t Ej.1